000 00540nam a2200193Ia 4500
005 20250508165707.0
008 008 250505s9999 xx 000 0 eng d
037 _aTextual
040 _aFEDL
_beng
_cFEDL
041 _aeng
_2eng
084 _a577, SHE
_qFEDL
100 _aSheldrake Rupert
245 0 _aNew Science of life : the hypothesis of formative causation
260 _aLondon, UK
_bBlond and briggs
_c1985
300 _a278p.
365 _aGBP
_b8.95
942 _cTEXL
_h577, SHE
999 _c1396794
_d1396794